00249nam a2200109Ia 4500008004100000041001200041082001100053100001700064245004600081260000600127650000600133221030s9999 xx 000 0 und d aEnglish a105.23 aV. Rajaraman 0aFundamentals of Computercby V. Rajaraman c0 aB